Viníkem zákonodárce, nebo zakladatel? Akciová společnost ve světle práva

Právna stránka spôsobu riadenia akciových spoločností. Obchodný zákonník a riadenie akciových spoločností. Predstavenstvo a dozorná rada. Funkcie predstavenstva a dozornej rady.

Salvato in:
Dettagli Bibliografici
Autore principale: Dědič, J.
Altri autori: Kříž, R.
Natura: Capitolo di libro
Lingua:ceco
Soggetti:
Tags: Aggiungi Tag
Nessun Tag, puoi essere il primo ad aggiungerne!!

MARC

LEADER 00000naa a2200000 4500
001 r016947
005 20221208130830.2
041 0 |a cze 
044 |a CZ 
245 1 0 |a Viníkem zákonodárce, nebo zakladatel?  |b Akciová společnost ve světle práva  |c J. Dědič, R. Kříž 
520 |a Právna stránka spôsobu riadenia akciových spoločností. Obchodný zákonník a riadenie akciových spoločností. Predstavenstvo a dozorná rada. Funkcie predstavenstva a dozornej rady. 
610 2 0 |a spoločnosti akciové 
610 2 0 |a riadenie 
610 2 0 |a manažment 
610 2 0 |a zákonník obchodný 
610 2 0 |a predpisy právne 
610 2 0 |a Česko 
610 2 0 |a rady dozorné 
100 1 |a Dědič, J. 
700 1 |a Kříž, R.